Vista normal Vista MARC

Entrada Personal Name

Número de registros utilizados en: 2

001 - CONTROL NUMBER

  • control field: 5421

003 - CONTROL NUMBER IDENTIFIER

  • control field: OSt

005 - DATE AND TIME OF LATEST TRANSACTION

  • control field: 20200610161316.0

008 - FIXED-LENGTH DATA ELEMENTS

  • fixed length control field: 200610|| aca||aabn | a|a d

040 ## - CATALOGING SOURCE

  • Original cataloging agency: OSt
  • Transcribing agency: OSt

100 ## - HEADING--PERSONAL NAME

  • Personal name: Gómez Mejía, Alberto,

670 ## - SOURCE DATA FOUND

  • Source citation: Work cat.: (OSt)5797: Gómez Mejía, Alberto, autor, Econometría aplicada a finanzas y mercado de capitales / , 2014